[Event "Druzynowe Mistrzostwa Polski Juniorow - Ekstraliga Juniorow 2019"]
[Site "DW Globus Ustron Jaszowiec ul. Turystyczna 6"]
[Date "1899-12-30"]
[Round "6.28"]
[White "Rylski, Tadeusz"]
[Black "Halhoul, Adam"]
[Result "1-0"]
[WhiteTitle "II+"]
[BlackTitle "II+"]
[WhiteElo "1502"]
[BlackElo "1609"]

1. e4 c5 2. Nf3 d6 3. d4 cxd4 4. Nxd4 Nf6 5. Nc3 g6 6. Be3 Bg7 7. f3 Nc6 8. Qd2
O-O 9. O-O-O d5 10. Kb1 Nxd4 11. e5 Nf5 12. exf6 exf6 13. Nxd5 Nxe3 14. Qxe3 Be6
15. Bc4 Bxd5 16. Bxd5 Qc7 17. g4 Rac8 18. Bb3 b5 19. Rd5 Rfd8 20. Rxb5 Re8 21.
Qd2 Qc6 22. Rd5 Rc7 23. h4 Rce7 24. h5 Re2 25. Qd1 f5 26. hxg6 hxg6 27. gxf5 Qf6
28. Qc1 Re1 29. Rd1 Rxh1 30. Rxh1 Qxf5 31. Qf1 a5 32. a4 Rb8 33. Ka2 Qe5 34. c3
Rb7 35. Qc4 Qb8 36. Rh4 Be5 37. Rg4 Kg7 38. Re4 g5 39. Qd5 f6 40. Re1 Ra7 41.
Rh1 Rb7 42. f4 Bxf4 43. Qe4 Rxb3 44. Rh7+ Kg8 45. Qg6+ 1-0

[Event "Druzynowe Mistrzostwa Polski Juniorow - Ekstraliga Juniorow 2019"]
[Site "DW Globus Ustron Jaszowiec ul. Turystyczna 6"]
[Date "1899-12-30"]
[Round "6.29"]
[White "Frej, Zofia"]
[Black "Moscicka, Pola"]
[Result "1-0"]
[WhiteTitle "k"]
[BlackTitle "k++"]
[WhiteElo "1903"]
[BlackElo "1858"]

1. d4 Nf6 2. c4 e6 3. Nf3 Bb4+ 4. Bd2 Qe7 5. g3 O-O 6. Bg2 d5 7. O-O Bxd2 8. Nbxd2
b6 9. Ne5 Bb7 10. Qa4 Ne4 11. Nxe4 dxe4 12. Qc2 f5 13. e3 Nd7 14. Nxd7 Qxd7 15.
Rfd1 Qf7 16. c5 Bd5 17. b3 g5 18. Qe2 Rad8 19. cxb6 cxb6 20. f4 gxf4 21. gxf4
Kh8 22. Rac1 Rg8 23. Rc2 Rg4 24. Rdc1 Rd7 25. Qb5 Bb7 26. Qe5+ Kg8 27. Rc8+ Bxc8
28. Rxc8+ Qf8 29. Rxf8+ Kxf8 30. Qxe6 Rf7 31. Kf2 Rg6 32. Qc8+ Kg7 33. Bf1 Kh6
34. d5 Rff6 35. Be2 Kg7 36. Bh5 Rh6 37. Qd7+ Kg8 38. Qd8+ Kg7 39. Qe7+ Kg8 40.
d6 1-0

[Event "Druzynowe Mistrzostwa Polski Juniorow - Ekstraliga Juniorow 2019"]
[Site "DW Globus Ustron Jaszowiec ul. Turystyczna 6"]
[Date "1899-12-30"]
[Round "6.30"]
[White "Zabrzanska, Weronika"]
[Black "Scisla, Oliwia"]
[Result "1-0"]
[WhiteTitle "I++"]
[BlackTitle "I++"]
[WhiteElo "1748"]
[BlackElo "1247"]

1. d4 d5 2. Nf3 Nf6 3. e3 e6 4. Bd3 Bd6 5. b3 b6 6. Bb2 Bb7 7. Nbd2 O-O 8. O-O
Ne4 9. c4 Nd7 10. Qc2 Nxd2 11. Qxd2 dxc4 12. bxc4 Bxf3 13. gxf3 Qg5+ 14. Kh1 Qh4
15. f4 Nf6 16. f3 Nh5 17. Qf2 Qxf2 18. Rxf2 c5 19. Rg1 f5 20. Rg5 g6 21. Rfg2
Ng7 22. Rd2 Be7 23. Rg1 Rfd8 24. d5 exd5 25. cxd5 Bd6 26. Bxg7 Kxg7 27. Bxf5 Kf6
28. Be4 c4 29. Kg2 b5 30. Rc2 Rac8 31. h4 a5 32. Kg3 b4 33. Rgc1 c3 34. Bd3 Bxf4+
35. Kxf4 Rxd5 36. Be4 Rd2 37. Rxd2 cxd2 38. Rd1 Rd8 39. Bc2 h6 40. e4 g5+ 41.
hxg5+ hxg5+ 42. Ke3 Rc8 43. Rxd2 Rc3+ 44. Ke2 Ke5 45. Rd5+ Kf4 46. Rf5+ Kg3 47.
Rxg5+ Kh4 48. Rg4+ 1-0

[Event "Druzynowe Mistrzostwa Polski Juniorow - Ekstraliga Juniorow 2019"]
[Site "DW Globus Ustron Jaszowiec ul. Turystyczna 6"]
[Date "1899-12-30"]
[Round "7.1"]
[White "Chylewski, Patryk"]
[Black "Psyk, Radoslaw"]
[Result "1/2-1/2"]
[WhiteTitle "FM"]
[BlackTitle "k++"]
[WhiteElo "2400"]
[BlackElo "2311"]

1. d4 Nf6 2. c4 e6 3. g3 d5 4. Nf3 dxc4 5. Bg2 a6 6. O-O Nc6 7. e3 Bd7 8. Qe2 b5
9. b3 cxb3 10. axb3 Be7 11. Bb2 O-O 12. Rc1 Nb4 13. Ne5 Nfd5 14. Nc3 Nxc3 15.
Bxc3 Ra7 16. Bxb4 Bxb4 17. Bc6 Bc8 18. Bxb5 Bb7 19. Bxa6 Bd5 20. Bd3 Rxa1 21.
Rxa1 c5 22. dxc5 Qf6 23. f4 Bxc5 24. Rc1 Qe7 25. Bxh7+ Kxh7 26. Qc2+ Kg8 27. Qxc5
Qb7 28. Nc6 Bxc6 29. Qxc6 Qxb3 30. Qc3 Qd5 31. Qd4 Qa2 32. Rd1 Rc8 33. Rd2 Qa6
34. h3 Rc1+ 35. Kh2 Kh7 36. Qd8 f6 37. Qe8 Qa5 38. Qd7 Qa8 39. Qd3+ f5 40. e4
fxe4 41. Qe3 Ra1 42. Re2 1/2-1/2

[Event "Druzynowe Mistrzostwa Polski Juniorow - Ekstraliga Juniorow 2019"]
[Site "DW Globus Ustron Jaszowiec ul. Turystyczna 6"]
[Date "1899-12-30"]
[Round "7.2"]
[White "Malicka, Maria"]
[Black "Kokoszczynski, Jan"]
[Result "0-1"]
[WhiteTitle "WCM"]
[BlackTitle "k"]
[WhiteElo "2115"]
[BlackElo "2238"]

1. e4 e6 2. d4 d5 3. Nd2 c5 4. exd5 exd5 5. Ngf3 Nc6 6. dxc5 Bxc5 7. Nb3 Bb6 8.
Be2 Nf6 9. O-O h6 10. Bf4 O-O 11. c3 Be6 12. Nfd4 Ne4 13. Bf3 Qf6 14. Bg3 Rad8
15. Re1 Bf5 16. Nxf5 Qxf5 17. Qe2 Rfe8 18. Rad1 Re7 19. Bxe4 dxe4 20. Rxd8+ Nxd8
21. Qd2 Nc6 22. Qf4 Qd5 23. Qd6 Rd7 24. Qxd5 Rxd5 25. Kf1 f5 26. Bf4 g5 27. Be3
Bd8 28. c4 Rd7 29. Nc5 Re7 30. f4 exf3 31. gxf3 Ne5 32. Kf2 Bb6 33. Rd1 Nxc4 34.
Bd4 Nxb2 35. Rd2 Nc4 36. Rc2 Ne5 37. Kg2 Nd3 38. Nb3 Ne1+ 0-1

[Event "Druzynowe Mistrzostwa Polski Juniorow - Ekstraliga Juniorow 2019"]
[Site "DW Globus Ustron Jaszowiec ul. Turystyczna 6"]
[Date "1899-12-30"]
[Round "7.3"]
[White "Fiszer, Bartosz"]
[Black "Iwaszkiewicz, Krzysztof"]
[Result "1-0"]
[WhiteTitle "CM"]
[BlackTitle "I"]
[WhiteElo "2105"]
[BlackElo "1770"]

1. e4 c5 2. Nf3 Nc6 3. d4 cxd4 4. Nxd4 g6 5. c4 Nf6 6. Nc3 d6 7. Be2 Nxd4 8. Qxd4
Bg7 9. Be3 O-O 10. Qd2 a5 11. f3 a4 12. Kf2 Qa5 13. Rac1 Bd7 14. Rhd1 Rfc8 15.
c5 Rxc5 16. Bxc5 Qxc5+ 17. Kf1 Qe5 18. f4 Qe6 19. Bf3 Bc6 20. Qd3 Ra5 21. Kg1
Nd7 22. Qd2 Ra7 23. Nd5 Nf6 24. Qf2 Ra5 25. Qb6 Rc5 26. Rxc5 dxc5 27. Qxc5 Bxd5
28. exd5 Qd7 29. d6 e6 30. Qc7 Qb5 31. d7 Nxd7 32. Qxd7 Qc5+ 33. Kh1 Bxb2 34.
Qxa4 b5 35. Qb3 Bf6 36. h3 b4 37. Qa4 Kg7 38. Qd7 Qe3 39. Qd2 Qa3 40. Qc2 Qe3
41. Qc4 Bc3 42. Qe4 Qf2 43. Be2 h6 44. Qf3 Qc5 45. g4 Qa7 46. Bc4 Qc5 47. Bb3
h5 48. gxh5 gxh5 49. f5 exf5 50. Rd7 Be5 51. Rxf7+ Kh6 52. Bd1 1-0

[Event "Druzynowe Mistrzostwa Polski Juniorow - Ekstraliga Juniorow 2019"]
[Site "DW Globus Ustron Jaszowiec ul. Turystyczna 6"]
[Date "1899-12-30"]
[Round "7.4"]
[White "Klim, Filip"]
[Black "Grzadka, Artur"]
[Result "1-0"]
[WhiteTitle "I"]
[BlackTitle "I"]
[WhiteElo "1557"]
[BlackElo "1582"]

1. e4 c6 2. d4 d5 3. Nc3 dxe4 4. Nxe4 Bf5 5. Ng3 Bg6 6. Nf3 e6 7. Bd3 Bxd3 8. Qxd3
Bd6 9. Ne4 Ne7 10. O-O O-O 11. Nfg5 Nf5 12. Nxd6 Qxd6 13. g4 Qxd4 14. gxf5 Qxd3
15. cxd3 exf5 16. Re1 Na6 17. Re7 Rad8 18. Rxb7 h6 19. Nf3 Rxd3 20. Be3 Rb8 21.
Rxb8+ Nxb8 22. Ne5 Rd5 23. Bxa7 Rxe5 24. Bxb8 Rb5 25. Bd6 Rxb2 26. a4 Rd2 27.
Bc5 Rd5 28. Bb6 c5 29. a5 c4 30. a6 Rd6 31. a7 Rxb6 32. a8=Q+ Kh7 33. Qd5 1-0

[Event "Druzynowe Mistrzostwa Polski Juniorow - Ekstraliga Juniorow 2019"]
[Site "DW Globus Ustron Jaszowiec ul. Turystyczna 6"]
[Date "1899-12-30"]
[Round "7.5"]
[White "Moscicka, Pola"]
[Black "Kaczmarska, Joanna"]
[Result "0-1"]
[WhiteTitle "k++"]
[BlackTitle "k+"]
[WhiteElo "1858"]
[BlackElo "2010"]

1. d4 Nf6 2. c4 e6 3. g3 d5 4. Nf3 a6 5. Nbd2 c5 6. cxd5 exd5 7. dxc5 Bxc5 8. Nb3
Ba7 9. Bg2 Ne4 10. O-O O-O 11. Nbd4 Nc6 12. Be3 Qf6 13. Qd3 Re8 14. Rfd1 Bg4 15.
Qb3 Bxf3 16. Nxf3 d4 17. Bd2 d3 18. e3 Ne5 19. Nxe5 Qxf2+ 20. Kh1 Nxg3+ 21. hxg3
Rxe5 22. g4 Qh4+ 23. Kg1 Rxe3 0-1

[Event "Druzynowe Mistrzostwa Polski Juniorow - Ekstraliga Juniorow 2019"]
[Site "DW Globus Ustron Jaszowiec ul. Turystyczna 6"]
[Date "1899-12-30"]
[Round "7.6"]
[White "Kandula, Jasmina"]
[Black "Zabrzanska, Weronika"]
[Result "1/2-1/2"]
[WhiteTitle "II+"]
[BlackTitle "I++"]
[WhiteElo "1040"]
[BlackElo "1748"]

1. e4 e5 2. Nf3 Nc6 3. Bb5 a6 4. Ba4 Nf6 5. d4 b5 6. Bb3 Nxe4 7. O-O Be7 8. Re1
d5 9. dxe5 Be6 10. Be3 O-O 11. Nbd2 Nc5 12. Nf1 Nxb3 13. axb3 Bg4 14. Bf4 Re8
15. h3 Bh5 16. Ng3 Bg6 17. c3 Bc5 18. Qd2 Qd7 19. Red1 Red8 20. b4 Be7 21. Ra2
Qc8 22. Qe2 h6 23. Rd2 Qb7 24. Qd1 d4 25. Nxd4 Nxd4 26. Rxd4 Rxd4 27. Qxd4 Rd8
28. Qe3 Bc2 29. Ra1 g5 30. e6 gxf4 31. exf7+ Kxf7 32. Qxf4+ Bf6 33. Qxh6 Qb6 34.
Qh5+ Bg6 35. Qf3 Rd3 36. Qf4 Rd7 37. Ne4 Bxe4 38. Qxe4 Rd2 1/2-1/2

[Event "Druzynowe Mistrzostwa Polski Juniorow - Ekstraliga Juniorow 2019"]
[Site "DW Globus Ustron Jaszowiec ul. Turystyczna 6"]
[Date "1899-12-30"]
[Round "7.7"]
[White "Gazik, Viktor"]
[Black "Lukasiewicz, Krzysztof"]
[Result "1-0"]
[WhiteTitle "IM"]
[BlackTitle "k"]
[WhiteElo "2520"]
[BlackElo "2172"]

1. e4 c6 2. d4 d5 3. exd5 cxd5 4. Bd3 Nc6 5. c3 Qc7 6. h3 Nf6 7. Nf3 g6 8. Qc2
Bg7 9. O-O O-O 10. Re1 Bd7 11. Ne5 Nxe5 12. Rxe5 Rfe8 13. a4 Bc6 14. Re2 Rac8
15. Nd2 Nd7 16. Nf3 f6 17. b4 b6 18. Qa2 Kh8 19. Bb2 e5 20. Rae1 e4 21. Bc2 Rf8
22. Nd2 f5 23. Bb3 Nf6 24. b5 Bb7 25. c4 Nh5 26. cxd5 Nf4 27. Re3 Nd3 28. Rxd3
exd3 29. Nf3 Qf4 30. Rd1 g5 31. Rxd3 g4 32. Ne5 Qg5 33. Ba3 Rf6 34. Qe2 Bf8 35.
d6 Bxg2 36. h4 Qxh4 37. Kxg2 Kg7 38. Nc6 f4 39. Qe5 f3+ 40. Kg1 g3 41. Qxg3+ Rg6
42. Rxf3 Qe4 43. d7 Qxf3 44. Qxg6+ hxg6 45. dxc8=Q Bxa3 46. Qg8+ Kh6 47. Qxg6+
1-0

[Event "Druzynowe Mistrzostwa Polski Juniorow - Ekstraliga Juniorow 2019"]
[Site "DW Globus Ustron Jaszowiec ul. Turystyczna 6"]
[Date "1899-12-30"]
[Round "7.8"]
[White "Sernecki, Franciszek"]
[Black "Godzwon, Iwo"]
[Result "0-1"]
[WhiteTitle "I++"]
[BlackTitle "FM"]
[WhiteElo "2283"]
[BlackElo "2285"]

1. e4 c5 2. Nf3 d6 3. d4 cxd4 4. Nxd4 Nf6 5. Nc3 e6 6. g3 Be7 7. Bg2 O-O 8. O-O
Nc6 9. Be3 Bd7 10. f4 a6 11. a4 Qc7 12. Nb3 Na5 13. Nxa5 Qxa5 14. g4 Bc6 15. g5
Nd7 16. Qh5 f5 17. Rf3 g6 18. Qh6 Rf7 19. exf5 Qxf5 20. Rf2 Bxg2 21. Rxg2 Bf8
22. Qh4 Bg7 23. Rd1 d5 24. Re2 Rc8 25. Rd3 Ne5 0-1

[Event "Druzynowe Mistrzostwa Polski Juniorow - Ekstraliga Juniorow 2019"]
[Site "DW Globus Ustron Jaszowiec ul. Turystyczna 6"]
[Date "1899-12-30"]
[Round "7.9"]
[White "Turski, Bartlomiej"]
[Black "Bednarczyk, Mateusz"]
[Result "1-0"]
[WhiteTitle "I"]
[BlackTitle "I"]
[WhiteElo "1967"]
[BlackElo "1529"]

1. e4 c5 2. Nf3 e6 3. d4 cxd4 4. Nxd4 Nf6 5. Nc3 Nc6 6. Nxc6 bxc6 7. e5 Nd5 8.
Ne4 Qc7 9. f4 Qb6 10. c4 Bb4+ 11. Ke2 f5 12. exf6 Nxf6 13. Be3 Qd8 14. Nd6+ Bxd6
15. Qxd6 Qe7 16. Bc5 Qxd6 17. Bxd6 Ne4 18. Be5 O-O 19. Ke3 d5 20. Bd3 Nf6 21.
Rac1 Ng4+ 22. Ke2 Nxe5 23. fxe5 Bd7 24. Rhf1 g6 25. Rxf8+ Rxf8 26. Ke3 Rb8 27.
b3 Kf7 28. Kd4 Ke7 29. h4 Rf8 30. Ke3 Be8 31. b4 Bd7 32. Rh1 dxc4 33. Bxc4 Rf5
34. g4 Rf7 35. Bd3 Rg7 36. Be4 Kd8 37. Rc1 Kc7 38. b5 c5 39. Rxc5+ Kb6 40. Rc1
Bxb5 41. Rc8 Rc7 42. Rxc7 Kxc7 43. Kf4 Kd8 44. Kg5 Be2 45. h5 gxh5 46. gxh5 Ke7
47. Bxh7 Kf8 48. Bg6 a5 49. Kf6 Kg8 50. Bf7+ Kh7 51. Bxe6 Bxh5 52. Bf7 Bg4 53.
e6 a4 54. a3 1-0

[Event "Druzynowe Mistrzostwa Polski Juniorow - Ekstraliga Juniorow 2019"]
[Site "DW Globus Ustron Jaszowiec ul. Turystyczna 6"]
[Date "1899-12-30"]
[Round "7.10"]
[White "Halhoul, Adam"]
[Black "Bogusz, Alan"]
[Result "1/2-1/2"]
[WhiteTitle "II+"]
[BlackTitle "I"]
[WhiteElo "1609"]
[BlackElo "1730"]

1. d4 Nf6 2. c4 g6 3. Nc3 Bg7 4. e4 d6 5. Be2 O-O 6. Bg5 h6 7. Be3 Nc6 8. Qd2 Kh7
9. f3 Nd7 10. g4 e5 11. d5 Nd4 12. h4 c6 13. h5 g5 14. Nh3 Nxe2 15. Qxe2 Bf6 16.
O-O a5 17. Rab1 c5 18. a3 b6 19. Rfc1 Be7 20. Nf2 Ba6 21. Nh1 Qc7 22. Ng3 Rfb8
23. Nf5 Bf8 24. Nb5 Bxb5 25. cxb5 f6 26. Qc4 Rb7 27. Ra1 Rba7 28. Bf2 Kg8 29.
Rab1 Qb8 30. Kg2 Kh7 31. Kg1 Kg8 32. Kg2 Kh7 33. Kg1 Kg8 34. Kg2 Kh7 1/2-1/2

[Event "Druzynowe Mistrzostwa Polski Juniorow - Ekstraliga Juniorow 2019"]
[Site "DW Globus Ustron Jaszowiec ul. Turystyczna 6"]
[Date "1899-12-30"]
[Round "7.11"]
[White "Jarocka, Liwia"]
[Black "Frej, Zofia"]
[Result "1/2-1/2"]
[WhiteTitle "FM"]
[BlackTitle "k"]
[WhiteElo "2102"]
[BlackElo "1903"]

1. e4 e6 2. d4 d5 3. Nd2 a6 4. Ngf3 c5 5. exd5 exd5 6. dxc5 Bxc5 7. Bd3 Nf6 8.
O-O O-O 9. Nb3 Bb6 10. c3 Nc6 11. Bg5 Bg4 12. Re1 Qd6 13. Bh4 Rae8 14. Be2 Ne4
15. Nfd4 Bxe2 16. Rxe2 Qf4 17. Bg3 Nxg3 18. hxg3 Qf6 19. Nf3 Ne5 20. Nxe5 Rxe5
21. Qd2 Rfe8 22. Rxe5 Qxe5 23. Nd4 Bxd4 24. cxd4 Qe2 25. Qb4 b5 26. Rc1 h6 27.
Qb3 Qd2 28. Rd1 Qe2 29. Rc1 Qd2 30. Rd1 Re1+ 31. Rxe1 Qxe1+ 32. Kh2 Qe4 33. Qc3
Qe6 34. a3 Kh7 35. Qd2 Qe4 36. f3 Qe6 37. g4 g6 38. Qf4 f6 39. Qc7+ Kh8 40. Qb8+
Kg7 1/2-1/2

[Event "Druzynowe Mistrzostwa Polski Juniorow - Ekstraliga Juniorow 2019"]
[Site "DW Globus Ustron Jaszowiec ul. Turystyczna 6"]
[Date "1899-12-30"]
[Round "7.12"]
[White "Scisla, Oliwia"]
[Black "Hertlein, Irena"]
[Result "0-1"]
[WhiteTitle "I++"]
[BlackTitle "I++"]
[WhiteElo "1247"]
[BlackElo "1612"]

1. e4 c5 2. Nf3 Nc6 3. c3 e5 4. d4 cxd4 5. cxd4 exd4 6. Nxd4 Bb4+ 7. Bd2 Qe7 8.
Nb5 Qxe4+ 9. Be2 Kf8 10. O-O Nf6 11. Bf3 Qd3 12. Bxc6 Bxd2 13. Nc7 Rb8 14. Qxd2
Qxd2 15. Nxd2 dxc6 16. Nc4 Bd7 17. Nd6 Ke7 18. Rad1 Rhf8 19. g4 Bxg4 20. Rfe1+
Kd8 21. Nxf7+ Kxc7 22. Re7+ Kb6 23. Rd3 Nd5 24. Rb3+ Kc5 25. Rexb7 Rxb7 26. Rxb7
Bh5 27. Ng5 Re8 28. f3 h6 29. Ne4+ Kd4 30. Kf2 Rf8 31. Rb3 g5 32. Ng3 Bg6 33.
Ne2+ Ke5 34. h3 Nf4 35. Re3+ Kd6 36. Nd4 Kd5 37. Ne2 Nxh3+ 38. Kg3 Nf4 39. Nc3+
Kd4 0-1

[Event "Druzynowe Mistrzostwa Polski Juniorow - Ekstraliga Juniorow 2019"]
[Site "DW Globus Ustron Jaszowiec ul. Turystyczna 6"]
[Date "1899-12-30"]
[Round "7.13"]
[White "Czechowski, Jakub"]
[Black "Gumularz, Szymon"]
[Result "0-1"]
[WhiteTitle "I+"]
[BlackTitle "IM"]
[WhiteElo "1922"]
[BlackElo "2495"]

1. e4 c5 2. Nf3 Nc6 3. d4 cxd4 4. Nxd4 Nf6 5. Nc3 d6 6. Bg5 e6 7. Qd2 a6 8. O-O-O
h6 9. Bh4 Nxe4 10. Qf4 Ng5 11. Qg3 Be7 12. f4 d5 13. Nf3 Nxf3 14. Bxe7 Nxe7 15.
Qxg7 Rg8 16. Qxh6 Nd4 17. Rxd4 Nf5 18. Qh7 Ke7 19. Rd1 Rh8 0-1

[Event "Druzynowe Mistrzostwa Polski Juniorow - Ekstraliga Juniorow 2019"]
[Site "DW Globus Ustron Jaszowiec ul. Turystyczna 6"]
[Date "1899-12-30"]
[Round "7.14"]
[White "Czopor, Maciej"]
[Black "Koziorowicz, Michal"]
[Result "1-0"]
[WhiteTitle "k"]
[BlackTitle "I++"]
[WhiteElo "2250"]
[BlackElo "1985"]

1. e4 c5 2. Ne2 d6 3. g3 Nf6 4. Bg2 Nc6 5. c3 e6 6. d4 Be7 7. O-O O-O 8. Nd2 Qc7
9. b3 b6 10. Bb2 Bb7 11. Qc2 cxd4 12. cxd4 Rac8 13. Rfc1 Qb8 14. Qd1 Rc7 15. a3
Rfc8 16. f3 d5 17. e5 Nd7 18. f4 Ba6 19. Nf3 Bxe2 20. Qxe2 Na5 21. Qd3 Rxc1+ 22.
Rxc1 Rxc1+ 23. Bxc1 Qf8 24. a4 Qc8 25. Bd2 Nc6 26. Qc2 Qb7 27. Bf1 Ndb8 28. f5
a6 29. fxe6 fxe6 30. Bd3 h6 31. Bf1 Bb4 32. Bh3 Qf7 33. Bxb4 Qxf3 34. Bxe6+ Kh8
35. Bd6 Nxd4 36. Qc8+ Kh7 37. Qg8+ Kg6 38. Qe8+ 1-0

[Event "Druzynowe Mistrzostwa Polski Juniorow - Ekstraliga Juniorow 2019"]
[Site "DW Globus Ustron Jaszowiec ul. Turystyczna 6"]
[Date "1899-12-30"]
[Round "7.15"]
[White "Dzida, Kamil"]
[Black "Luberanski, Jakub"]
[Result "0-1"]
[WhiteTitle "I++"]
[BlackTitle "I++"]
[WhiteElo "1987"]
[BlackElo "2010"]

1. e4 e5 2. Nf3 Nc6 3. Bb5 a6 4. Ba4 Nf6 5. O-O Be7 6. Re1 b5 7. Bb3 d6 8. c3 O-O
9. h3 Bb7 10. d4 Re8 11. Nbd2 Bf8 12. a4 exd4 13. cxd4 Nb4 14. Ng5 Re7 15. Re3
Qe8 16. e5 dxe5 17. dxe5 Nfd5 18. e6 f6 19. Nde4 Nxe3 20. Bxe3 fxg5 21. Nc5 Qc6
22. f3 Nd5 23. Bf2 Rd8 24. axb5 Qxb5 25. Ra5 Qxa5 26. Nxb7 Qb5 27. Nxd8 Nf4 28.
Kh2 c5 29. Nf7 c4 30. Bc2 Rxe6 31. Nd8 Rd6 32. Kh1 0-1

[Event "Druzynowe Mistrzostwa Polski Juniorow - Ekstraliga Juniorow 2019"]
[Site "DW Globus Ustron Jaszowiec ul. Turystyczna 6"]
[Date "1899-12-30"]
[Round "7.16"]
[White "Madej, Marek"]
[Black "Wysocki, Mateusz"]
[Result "1/2-1/2"]
[WhiteTitle "I"]
[BlackTitle "I"]
[WhiteElo "1843"]
[BlackElo "1634"]

1. e4 c5 2. Nf3 e6 3. d4 cxd4 4. Nxd4 a6 5. c4 Nf6 6. Nc3 Bb4 7. Qd3 d5 8. exd5
exd5 9. Be2 O-O 10. O-O Nc6 11. Nxc6 bxc6 12. cxd5 cxd5 13. Bg5 Bxc3 14. bxc3
Be6 15. Bf3 h6 16. Bh4 Rc8 17. Rfd1 Rc4 18. Bg3 Qa5 19. Be5 Ne4 20. Bxe4 Rxe4
21. Bd4 Qb5 22. Qg3 Rg4 23. Qe5 Rg5 24. Qe3 Bf5 25. Re1 Rg6 26. Rad1 Qc4 27. a3
Rc8 28. Qf4 Bh3 29. g3 Be6 30. Rb1 Qc7 31. Qxc7 Rxc7 32. f3 Kh7 1/2-1/2

[Event "Druzynowe Mistrzostwa Polski Juniorow - Ekstraliga Juniorow 2019"]
[Site "DW Globus Ustron Jaszowiec ul. Turystyczna 6"]
[Date "1899-12-30"]
[Round "7.17"]
[White "Raczykowska, Paulina"]
[Black "Harazinska, Magdalena"]
[Result "1-0"]
[WhiteTitle "k"]
[BlackTitle "WFM"]
[WhiteElo "1893"]
[BlackElo "2004"]

1. e4 c5 2. Nf3 d6 3. d4 cxd4 4. Qxd4 Nc6 5. Bb5 Bd7 6. Bxc6 Bxc6 7. Nc3 e5 8.
Qd3 Be7 9. Be3 Nf6 10. O-O-O Qa5 11. Nd2 b5 12. Nb3 Qb4 13. a3 Qc4 14. Qxc4 bxc4
15. Na5 Rc8 16. f3 Ba8 17. Nb5 d5 18. Nxa7 O-O 19. Nxc8 Rxc8 20. exd5 Bxd5 21.
Kb1 Rb8 22. Rxd5 Nxd5 23. Nxc4 f6 24. Bc1 Kf7 25. b3 Nc3+ 26. Kb2 Ne2 27. Be3
g5 28. g3 Rd8 29. c3 Rd3 30. Re1 Nf4 31. gxf4 gxf4 32. Kc2 1-0

[Event "Druzynowe Mistrzostwa Polski Juniorow - Ekstraliga Juniorow 2019"]
[Site "DW Globus Ustron Jaszowiec ul. Turystyczna 6"]
[Date "1899-12-30"]
[Round "7.18"]
[White "Pawicka, Magdalena"]
[Black "Siekanska, Maria"]
[Result "1-0"]
[WhiteTitle "I"]
[BlackTitle "I++"]
[WhiteElo "1700"]
[BlackElo "1559"]

1. e4 c5 2. Nf3 e6 3. d4 cxd4 4. Nxd4 Nf6 5. Nc3 d6 6. Be3 Be7 7. f4 Nc6 8. Qf3
Qc7 9. O-O-O a6 10. Rg1 Nxd4 11. Bxd4 e5 12. fxe5 dxe5 13. Qg3 Ng4 14. Nd5 Qa5
15. Kb1 exd4 16. Nc7+ Kf8 17. Nxa8 Be6 18. a3 g6 19. Nc7 Bc8 20. Nd5 Ne3 21. Qe5
1-0

[Event "Druzynowe Mistrzostwa Polski Juniorow - Ekstraliga Juniorow 2019"]
[Site "DW Globus Ustron Jaszowiec ul. Turystyczna 6"]
[Date "1899-12-30"]
[Round "7.19"]
[White "Kozak, Antoni"]
[Black "Kosakowski, Jakub"]
[Result "0-1"]
[WhiteTitle "k++"]
[BlackTitle "FM"]
[WhiteElo "2365"]
[BlackElo "2390"]

1. Nf3 d5 2. d4 Nf6 3. c4 e6 4. Nc3 Bb4 5. Qa4+ Nc6 6. Bg5 O-O 7. e3 h6 8. Bxf6
Qxf6 9. cxd5 exd5 10. Bb5 a5 11. a3 Bxc3+ 12. bxc3 Ne7 13. Bd3 c6 14. Qc2 Bf5
15. O-O a4 16. c4 dxc4 17. Bxf5 Qxf5 18. Qxc4 Rfc8 19. Rab1 b5 20. Qe2 Nd5 21.
Rbc1 b4 22. e4 Qe6 23. Rfe1 Nc3 24. Qc2 c5 25. dxc5 Rxc5 26. axb4 Rcc8 27. Nd4
Qc4 28. Nf5 Qxb4 29. Qd3 a3 30. Kh1 Nxe4 31. Rxc8+ Rxc8 32. Qe3 a2 33. f3 Qxe1+
0-1

[Event "Druzynowe Mistrzostwa Polski Juniorow - Ekstraliga Juniorow 2019"]
[Site "DW Globus Ustron Jaszowiec ul. Turystyczna 6"]
[Date "1899-12-30"]
[Round "7.20"]
[White "Pytel, Maciej"]
[Black "Mis, Mieszko"]
[Result "0-1"]
[WhiteTitle "k"]
[BlackTitle "FM"]
[WhiteElo "1988"]
[BlackElo "2284"]

1. e4 c5 2. Nf3 d6 3. Bb5+ Bd7 4. Bxd7+ Qxd7 5. O-O g6 6. d4 cxd4 7. Nxd4 Bg7 8.
c4 Nc6 9. Be3 Nf6 10. f3 O-O 11. Nc3 Rac8 12. b3 a6 13. Nxc6 Qxc6 14. Rc1 b5 15.
cxb5 axb5 16. Qd3 b4 17. Nd5 Qb7 18. Nb6 Rcd8 19. Rc2 d5 20. exd5 Nxd5 21. Qe4
e6 22. Bf2 Rfe8 23. Na4 Qb5 24. Rc5 Qa6 25. Re1 h6 26. g3 Nc3 27. Qxb4 Nd1 28.
Qc4 Qa8 29. Rc6 Nxf2 30. Kxf2 Qa7+ 31. Kg2 Rd2+ 32. Re2 Red8 33. Qe4 R8d4 34.
Qe3 Qd7 35. Rc2 Rd1 36. Nb2 Ra1 37. Nc4 Rdd1 38. Red2 Bd4 39. Qxh6 Rg1+ 40. Kh3
e5+ 41. g4 Raf1 42. Rg2 Rxf3+ 43. Rg3 Rfxg3+ 44. hxg3 Qc6 45. Nxe5 0-1

[Event "Druzynowe Mistrzostwa Polski Juniorow - Ekstraliga Juniorow 2019"]
[Site "DW Globus Ustron Jaszowiec ul. Turystyczna 6"]
[Date "1899-12-30"]
[Round "7.21"]
[White "Chyzy, Jakub"]
[Black "Karolczuk, Iwo"]
[Result "1-0"]
[WhiteTitle "k"]
[BlackTitle "I++"]
[WhiteElo "2093"]
[BlackElo "2031"]

1. e4 c5 2. Nf3 e6 3. d4 cxd4 4. Nxd4 a6 5. Bd3 Nf6 6. O-O d6 7. f4 Nbd7 8. Kh1
Qc7 9. Bd2 b5 10. a4 bxa4 11. Nc3 Bb7 12. Qe2 Be7 13. Nxa4 O-O 14. Nc3 Nc5 15.
b4 Nxd3 16. cxd3 Rac8 17. Nb3 Nd7 18. Rfc1 Qb8 19. Rab1 Bf6 20. d4 Qa8 21. e5
Be7 22. Na5 Nb6 23. Nxb7 Qxb7 24. exd6 Bxd6 25. Ne4 Rxc1+ 26. Rxc1 Be7 27. Nc5
Bxc5 28. bxc5 Nd5 29. c6 Qb6 30. f5 Re8 31. fxe6 Rxe6 32. Qc4 Nc7 33. Bf4 Qa5
34. h3 Rg6 35. Bxc7 Qxc7 36. Qxa6 h6 37. Qb7 Qf4 38. Rb1 Kh7 39. c7 Rxg2 40. Kxg2
Qd2+ 41. Kh1 Qxd4 42. c8=Q Qd3 43. Qg4 1-0

[Event "Druzynowe Mistrzostwa Polski Juniorow - Ekstraliga Juniorow 2019"]
[Site "DW Globus Ustron Jaszowiec ul. Turystyczna 6"]
[Date "1899-12-30"]
[Round "7.22"]
[White "Budzisz, Adrian"]
[Black "Czernek, Tymon"]
[Result "1/2-1/2"]
[WhiteTitle "I"]
[BlackTitle "I++"]
[WhiteElo "1796"]
[BlackElo "2003"]

1. e4 c5 2. Nf3 d6 3. Bb5+ Bd7 4. Bxd7+ Qxd7 5. c4 Nf6 6. Nc3 Nc6 7. d4 cxd4 8.
Nxd4 g6 9. f3 Bg7 10. Be3 O-O 11. Qd2 Rac8 12. b3 e6 13. Rd1 Rfd8 14. Ndb5 a6
15. Na3 Qe7 16. Bb6 Rd7 17. Na4 Rb8 18. O-O Bf8 19. Qb2 Nh5 20. Nc2 Bg7 21. Qc1
Qh4 22. Bf2 Qe7 23. Nb6 Rdd8 24. Be3 f5 25. Ne1 fxe4 26. fxe4 Ne5 27. Nf3 Ng4
28. Bg5 Qc7 29. c5 Re8 30. h3 Ne5 31. Nxe5 Bxe5 32. Nc4 dxc5 33. Nxe5 Qxe5 34.
Rd7 Rf8 35. Re1 Qg3 36. Qe3 Qxe3+ 37. Bxe3 b6 38. Rd6 Rfe8 39. Bg5 Rb7 40. Red1
Ng3 41. Re1 e5 42. Kf2 Nh5 43. Red1 Ng7 44. Bd8 Re6 45. Ke3 Rb8 46. Bc7 Rb7 47.
Rxe6 Nxe6 48. Bxe5 a5 49. Bf6 Kf7 50. e5 Nd4 51. Ke4 Ke6 52. Rd2 Rb8 53. Bg5 Rf8
54. Bf6 Rf7 55. g4 Ra7 56. Bd8 Ra6 57. Bg5 Ra7 58. Rf2 Rf7 59. Rxf7 Kxf7 60. Kd5
Ke8 61. Bd2 Kd7 62. Bc3 Ne6 63. Bd2 Nc7+ 64. Ke4 Ne6 1/2-1/2

[Event "Druzynowe Mistrzostwa Polski Juniorow - Ekstraliga Juniorow 2019"]
[Site "DW Globus Ustron Jaszowiec ul. Turystyczna 6"]
[Date "1899-12-30"]
[Round "7.23"]
[White "Swiech, Joanna"]
[Black "Koruch, Maria"]
[Result "1-0"]
[WhiteTitle "k"]
[BlackTitle "I+"]
[WhiteElo "1879"]
[BlackElo "1677"]

1. d4 Nf6 2. c4 g6 3. Nc3 Bg7 4. e4 d6 5. f3 O-O 6. Be3 Nc6 7. Nge2 a6 8. Ng3 e5
9. d5 Nd4 10. Nge2 c5 11. dxc6 bxc6 12. Nxd4 exd4 13. Bxd4 Rb8 14. Qd2 c5 15.
Be3 Nd7 16. Rc1 Ne5 17. Be2 Be6 18. b3 Nc6 19. O-O Re8 20. Kh1 Nd4 21. Bd3 Qh4
22. Ne2 Nxe2 23. Bxe2 Rb6 24. Bg5 Qh5 25. g4 Qh3 26. Rf2 Bxg4 27. fxg4 Rxe4 28.
Qd5 Re6 29. Qa8+ Bf8 30. Rf3 Qxg4 31. Bh6 1-0